Riverdale Season 1 - Statistics

General Stats
  • This quiz has been taken 3,537 times
  • The average score is 12 of 16
Answer Stats
Question Answer % Correct
What main character has the last name cooper? Betty, Polly
98%
What is the name of the town? Riverdale
98%
Who is the new girl? Veronica
98%
Who was the person that was killed? Jason Blossom
95%
Who is the leader of the River Vixens? Cheryl Blossom
93%
What is Archie's last name? Andrews
91%
What is the name of the famous Choc-Lit Shoppe? Pop's
86%
How many babies is Polly having? Two
84%
What family is related to the Blossom's? Cooper
82%
Who is Veronica's dad? Hiram Lodge
78%
Who was blamed for the murder of Jason Blossom? F.P. Jones
68%
What type of company do the Blossoms own? Syrup
68%
Who killed Jason Blossom? Clifford Blossom
65%
What channel does Riverdale come on? CW
51%
What is Polly's baby a result of? Incest
31%
What is Betty revealed to have? Long Lost Brother
19%
No matching quizzes found
Score Distribution
Percent of People with Each Score
Percentile by Number Answered
Your Score History
You have not taken this quiz